000
00301nam a2200121Ia 4500
008
190216s9999||||xx |||||||||||||| ||und||
100
_a
Hiralal Yadav Savitha Sinha
245
0
_a
Fundamentals Of Human Geography
260
_b
Ncrt - Newdelhi
_c
2003
300
_a
122
650
_a
History
942
_c
BK
999
_c
20915
_d
20915